| 000 | 01256cam a22002894a 4500 | ||
|---|---|---|---|
| 999 |
_c27221 _d27221 |
||
| 001 | 13382629 | ||
| 005 | 20170207155948.0 | ||
| 008 | 031024s2005 maua b 001 0 eng | ||
| 010 | _a 2003061502 | ||
| 020 | _a0072819359 (alk. paper) | ||
| 020 | _a007111212X (international ed. : alk. paper) | ||
| 042 | _apcc | ||
| 050 | 0 | 0 | _aHB171.5 .M47 2005 |
| 100 | 1 | _aMcConnell, Campbell R. | |
| 245 | 1 | 0 |
_aEconomics : _bprinciples, problems, and policies / _cCampbell R. McConnell, Stanley L. Brue. |
| 250 | _a16th ed. | ||
| 260 |
_aBoston : _bMcGraw-Hill/Irwin, _cc2005. |
||
| 300 |
_axxx, 733, G-G26, I1-24 p. : _bcol. ill. ; _c27 cm. + _e1 CD-ROM (4 3/4 in.) |
||
| 500 | _aVarious multi-media supplements are available to supplement the text. | ||
| 504 | _aIncludes bibliographical references and index. | ||
| 650 | 0 | _aEconomics. | |
| 700 | 1 |
_aBrue, Stanley L., _d1945- |
|
| 942 |
_2lcc _cBOOKS |
||